000 00540nam a2200181Ia 4500
005 20250923145306.0
008 008 250917s9999 xx 000 0 eng d
037 _aTextual
040 _aDSWL
_beng
_cDSWL
041 _aeng
_2eng
084 _aY:50aB, N68
_qDSWL
100 _aKeyfitz, Nathan
_9833765
245 0 _aIntroduction to the Mathematics of Population
_c by Nathan Keyfitz
260 _bAddision Wesley Pub. Co.
_c1968
300 _axiv,450 p.
942 _cTEXL
_hY:50aB, N68
999 _c1449569
_d1449569